000 00844cam a22002771 4500
001 3131288
003 BD-DhUL
005 20170118160400.0
008 700427s1968 stk b 000 0 eng
010 _a 71383396
015 _aB68-23126
020 _a0050017780
040 _aDLC
_cBD-DhUL
_dDLC
082 0 0 _a823.509
_bMOM
100 1 _aOwens, Graham,
_ecomp.
245 1 0 _aGeorge Moore's mind and art /
_cby A. Norman Jeffares and others; essays edited by Graham Owens.
260 _aEdinburgh :
_bOliver and Boyd,
_c1968.
300 _axi, 182 p. :
_c22 cm.
350 _a40/-
440 0 _aEssays old and new,
_v2
500 _aIncludes index.
600 1 0 _aMoore, George,
_d1852-1933.
700 1 _aJeffares, A. Norman
_q(Alexander Norman),
_d1920-
906 _a7
_bcbc
_corignew
_du
_encip
_f19
_gy-gencatlg
942 _2ddc
_cBK
999 _c151626
_d151626